000 00489nam a2200181Ia 4500
005 20250317125558.0
008 008 250317s9999 xx 000 0 eng d
037 _aTextbook
040 _aFMSL
_beng
_cFMSL
041 _aeng
_2eng
084 _qFMSL
100 _aSuri GK
_9744369
245 0 _aProblems in personnal Management A collection of cases
260 _aDelhi
_bDelhi, SRC
_c1982
300 _a191p
942 _cTB
999 _c1260063
_d1260063